[Event "Solingen-ch"]
[Site "Solingen"]
[Date "2015.11.06"]
[Round "5"]
[White "Moeller, Laura"]
[Black "Wolf, Wieland"]
[Result "1-0"]
[WhiteElo "1736"]
[BlackElo "1374"]
[PlyCount "57"]
[EventDate "2015.09.04"]
[EventType "swiss"]
[EventRounds "7"]
[EventCountry "GER"]
[SourceTitle "EXT 2018"]
[Source "ChessBase"]
[SourceDate "2017.10.13"]
[SourceVersion "1"]
[SourceVersionDate "2017.10.13"]
[SourceQuality "1"]

1. c4 c5 2. Nc3 e6 3. g3 Nf6 4. Bg2 Be7 5. Nf3 0-0 6. 0-0 Nc6 7. e3 a6 8. d4 cxd4 9. exd4 d6 10. Re1 Rb8 11. Bf4 Nh5 12. Bc1 g6 13. d5 Na7 14. Bh6 Re8 15. Qd4 Ra8 16. g4 Bf6 17. Qe3 Ng7 18. g5 exd5 19. Qf4 Bxc3 20. bxc3 dxc4 21. Qxc4 Be6 22. Qd4 Nf5 23. Qf4 Nxh6 24. gxh6 f5 25. Qd4 Qd7 26. Ng5 Nc6 27. Bxc6 bxc6 28. Nxe6 c5 29. Qf6 1-0

[Event "Solingen-ch"]
[Site "Solingen"]
[Date "2013.12.13"]
[Round "7"]
[White "Wolf, Wieland"]
[Black "Kopernok, Ingo"]
[Result "0-1"]
[WhiteElo "1313"]
[BlackElo "1058"]
[PlyCount "62"]
[EventDate "2013.09.13"]
[EventType "swiss"]
[EventRounds "7"]
[EventCountry "GER"]
[SourceTitle "EXT 2015"]
[Source "ChessBase"]
[SourceDate "2014.11.20"]
[SourceVersion "1"]
[SourceVersionDate "2014.11.20"]
[SourceQuality "1"]

1. Nf3 d5 2. g3 Bf5 3. Bg2 Nf6 4. 0-0 e6 5. d4 Bd6 6. Re1 Ne4 7. Nbd2 Nc6 8. c3 h6 9. Nxe4 dxe4 10. Nd2 Qe7 11. Nxe4 0-0-0 12. Nxd6+ Qxd6 13. Qa4 Kb8 14. Bf4 Qd7 15. Bxc6 bxc6 16. Qb4+ Ka8 17. Qc5 Bh3 18. Be3 Rb8 19. d5 Rb6 20. dxc6 Qxc6 21. Qxc6+ Rxc6 22. Red1 f5 23. Rd7 g5 24. Rad1 Kb7 25. R7d4 e5 26. Rb4+ Ka8 27. Ra4 a6 28. c4 f4 29. Bc1 Rf8 30. f3 Bf5 31. g4 Bc2 0-1

[Event "Solingen-ch"]
[Site "Solingen"]
[Date "2011.09.23"]
[Round "1"]
[White "Wolf, Wieland"]
[Black "Winkler, Fabian"]
[Result "0-1"]
[WhiteElo "1392"]
[BlackElo "1969"]
[PlyCount "80"]
[EventDate "2011.09.23"]
[EventType "swiss"]
[EventRounds "7"]
[EventCountry "GER"]
[SourceTitle "EXT 2015"]
[Source "ChessBase"]
[SourceDate "2014.11.20"]
[SourceVersion "1"]
[SourceVersionDate "2014.11.20"]
[SourceQuality "1"]

1. e4 c5 2. Nc3 Nc6 3. Nf3 d6 4. d4 cxd4 5. Nxd4 Nf6 6. Be3 e6 7. Be2 a6 8. Qd2 Be7 9. 0-0 0-0 10. f4 Qc7 11. a3 b5 12. Nxc6 Qxc6 13. Bf3 e5 14. Nd5 Nxd5 15. exd5 Qc7 16. fxe5 dxe5 17. d6 Bxd6 18. Bxa8 f5 19. Bd5+ Kh8 20. Rac1 f4 21. Qf2 Qe7 22. Bd2 Bc5 23. Be4 Bxf2+ 24. Rxf2 Rd8 25. Bb4 Qc7 26. Bc3 Bg4 27. Re1 Re8 28. Bd3 Bh5 29. Bd2 Qc5 30. Bb4 Qb6 31. Kf1 a5 32. Bc3 b4 33. axb4 axb4 34. Bxe5 Bg6 35. Bxg6 Qxg6 36. Rxf4 Qxc2 37. Rf7 Qc4+ 38. Kg1 Qxf7 39. Rf1 Qxf1+ 40. Kxf1 Rxe5 0-1

[Event "Solingen Karneval op"]
[Site "Solingen"]
[Date "2011.03.04"]
[Round "1"]
[White "Maczkowiak, Thomas"]
[Black "Wolf, Wieland"]
[Result "1/2-1/2"]
[WhiteElo "1932"]
[BlackElo "1400"]
[PlyCount "60"]
[EventDate "2011.03.04"]
[EventType "swiss"]
[EventRounds "5"]
[EventCountry "GER"]
[SourceTitle "EXT 2015"]
[Source "ChessBase"]
[SourceDate "2014.11.20"]
[SourceVersion "1"]
[SourceVersionDate "2014.11.20"]
[SourceQuality "1"]

1. Nf3 d5 2. c4 e6 3. g3 g6 4. Bg2 Bg7 5. 0-0 Ne7 6. d4 0-0 7. Nc3 dxc4 8. Qa4 Nbc6 9. Qxc4 Nxd4 10. Rd1 e5 11. e3 Be6 12. Qd3 Nxf3+ 13. Bxf3 Qxd3 14. Rxd3 c6 15. e4 Rad8 16. Rxd8 Rxd8 17. Bg5 f6 18. Be3 a6 19. Na4 f5 20. Nc5 Bc8 21. Bg5 Kf7 22. Rd1 Rxd1+ 23. Bxd1 h6 24. Bb3+ Ke8 25. Bxe7 Kxe7 26. f3 Kd6 27. Nd3 b5 28. Bf7 fxe4 29. fxe4 g5 30. b4 Ke7 1/2-1/2